Budovanie imidžu vybranej firmy a jej značky diplomová práca

Saved in:
Bibliographic Details
Main Author: Lászlóová, Katarína
Corporate Author: Obchodná fakulta EU. Katedra tovaroznalectva a kvality tovaru
Other Authors: Mlákay, Jozef
Format: Book
Language:Slovak
Published: Bratislava 2015
Tags: Add Tag
No Tags, Be the first to tag this record!

MARC

LEADER 00000nbm a2200000 4500
001 0203113
005 20161212104555.0
041 0 |a slo 
044 |a SK 
245 1 0 |a Budovanie imidžu vybranej firmy a jej značky  |b diplomová práca  |c Katarína Lászlóová ; školiteľ: Jozef Mlakay 
264 1 |a Bratislava  |c 2015 
300 |a 71 s. 
100 1 |a Lászlóová, Katarína 
700 1 |a Mlákay, Jozef 
710 2 |a Obchodná fakulta EU. Katedra tovaroznalectva a kvality tovaru